000
00336nam a22001337a 4500
003
macl
005
20190428160808.0
008
190428b xxu||||| |||| 00| 0 eng d
040
_c
macl
100
_a
सुदर्शन
_9
74629
245
_a
सुप्रभात
650
_a
कहानियॉं
_9
74630
942
_2
ddc
_c
HIN
999
_c
59592
_d
59592